Normal view
MARC view
- SHEHRYAR TARIQ, SAUD-UL-KHALID
Entry Personal Name
001 - CONTROL NUMBER
- control field: 71653
003 - CONTROL NUMBER IDENTIFIER
- control field: NUST
005 - DATE AND TIME OF LATEST TRANSACTION
- control field: 20210628204649.0
008 - FIXED-LENGTH DATA ELEMENTS
- fixed length control field: 210628|| aca||aabn | a|a d
040 ## - CATALOGING SOURCE
- Original cataloging agency: NUST
- Transcribing agency: NUST
100 ## - HEADING--PERSONAL NAME
- Personal name: SHEHRYAR TARIQ, SAUD-UL-KHALID
670 ## - SOURCE DATA FOUND
- Source citation: Work cat.: (NUST): SHEHRYAR TARIQ, SAUD-UL-KHALID, PR-SOF-1482-Pseudo real-time Diabetes Detection & Analysis using EEG signals and implementation on Raspberry Pi, 2015
